LIBRARY & INFORMATION CENTRE, KCAET, TAVANUR

ONLINE PUBLIC ACCESS CATALOGUE (OPAC)

Water well and pump engineering / (Record no. 10830)

MARC details
000 -LEADER
fixed length control field 00710cam a2200289ua 4500
020 ## - INTERNATIONAL STANDARD BOOK NUMBER
ISBN 0-07-451785-6
041 ## - LANGUAGE CODE
Language code of text/sound track or separate title eng
082 ## - DEWEY DECIMAL CLASSIFICATION NUMBER
Classification number 628.114
Item number MIC/WA
100 ## - MAIN ENTRY--AUTHOR NAME
Personal name Michael, A.M.
245 ## - TITLE STATEMENT
Title Water well and pump engineering /
250 ## - EDITION STATEMENT
Edition statement 1 /
260 ## - PUBLICATION, DISTRIBUTION, ETC. (IMPRINT)
Place of publication New Delhi :
Name of publisher Tata Mc-Graw Hill Publishing Company ,
Year of publication 1992.
300 ## - PHYSICAL DESCRIPTION
Number of Pages 929 ; .
500 ## - GENERAL NOTE
General note * CSS
700 1# - ADDED ENTRY--PERSONAL NAME
Personal name Khepar, S D .
942 ## - ADDED ENTRY ELEMENTS (KOHA)
Koha item type Books
Holdings
Withdrawn status Lost status Damaged status Home library Current library Date acquired Full call number Accession Number Koha item type Shelving location
Withdrawn     KAUAET KAUAET 07/04/2012 628.114 16554 Books  
      KAUAET KAUAET 07/04/2012 628.114 16555 Books Binding Shelf
      KAUAET KAUAET 07/04/2012 628.114 16553 Books Binding Shelf
      KAUAET KAUAET 07/04/2012 628.114 16552 Books Binding Shelf
      KAUAET KAUAET 07/04/2012 628.114 17682 Books Binding Shelf
      KAUAET KAUAET 07/04/2012 628.114 17704 Books  
      KAUAET KAUAET 13/09/2018 628.114 MIC/WA 18308 Book Bank scheme for SC students Scheme
      KAUAET KAUAET 13/09/2018 628.114 MIC/WA 18306 Books Scheme
Withdrawn     KAUAET KAUAET 13/09/2018 628.114 MIC/WA 18307 Book Bank scheme for SC students Scheme
free website counter